| 000 | 00765nam a2200205 a 4500 | ||
|---|---|---|---|
| 005 | 20210223120410.0 | ||
| 008 | 991125s1985 mx 000 0 spa u | ||
| 035 | _aUPN01000000219 | ||
| 049 | _aCG | ||
| 050 | 4 |
_aF1203 _bC8 no.44 |
|
| 245 | 0 | 0 |
_aAbraham González / _ccolab. María Teresa Garza. |
| 260 |
_aMéxico : _bINEHRM, _c1985. |
||
| 300 |
_a63 p. : _bil. |
||
| 440 | 0 |
_aSerie de cuadernos conmemorativos ; _v44 |
|
| 500 | _a"Comisión Nacional para las celebraciones del 175 aniversario de la Independencia Nacional y 75 aniversario de la Revolución Mexicana" | ||
| 600 | 1 | 4 |
_aGONZALEZ, ABRAHAM, _d1864-1913 _927631 |
| 651 | 4 |
_aMEXICO - _xHISTORIA - _yREVOLUCION MADERISTA, 1910-1911 _917706 |
|
| 700 | 1 |
_aGarza, María Teresa, _ecolab. _942984 |
|
| 905 | _aLibro | ||
| 999 |
_c219 _d219 |
||